Commercial practice : Office procedure and commercial correspondence (Record no. 91578)

MARC details
000 -LEADER
fixed length control field 00599nam a2200193Ia 4500
008 - FIXED-LENGTH DATA ELEMENTS--GENERAL INFORMATION
fixed length control field 230125s9999 xx 000 0 und d
020 ## - INTERNATIONAL STANDARD BOOK NUMBER
International Standard Book Number 81-7096-379-6
041 ## - LANGUAGE CODE
Language code of text/sound track or separate title eng
082 ## - DEWEY DECIMAL CLASSIFICATION NUMBER
Classification number 658.45
Item number SHA/SAR
100 ## - MAIN ENTRY--PERSONAL NAME
Personal name Sharma R K
9 (RLIN) 109615
245 ## - TITLE STATEMENT
Title Commercial practice : Office procedure and commercial correspondence
260 ## - PUBLICATION, DISTRIBUTION, ETC. (IMPRINT)
Date of publication, distribution, etc. 1995
Name of publisher, distributor, etc. Kalyani Publisher
Place of publication, distribution, etc. Ludhiana
300 ## - PHYSICAL DESCRIPTION
Extent 282p
500 ## - GENERAL NOTE
Keywords Office management,Commercial correspondence
500 ## - GENERAL NOTE
Keywords Business Communication;Communication
650 ## - SUBJECT ADDED ENTRY--TOPICAL TERM
Topical term or geographic name as entry element Communication
700 ## - ADDED ENTRY--PERSONAL NAME
Personal name Sharma R K & Sarkar S S
9 (RLIN) 114252
Holdings
Withdrawn status Lost status Damaged status Not for loan Home library Current library Date acquired Vendor Cost, normal purchase price Full call number Barcode Date last seen Cost, replacement price Bill Date Koha item type Original Barcode
Withdrawn 2022-23       Smt. Hiraben Nanavati Institute of Management & Research for Women Smt. Hiraben Nanavati Institute of Management & Research for Women 29/06/1998 Satya Gilani 60.00 658.45 SHA/SAR DB0080 HIMR-DB-80 25/01/2023 60.00 29/06/1998 Donated Book DB0080